| 000 | 00457nam a2200193Ia 4500 | ||
|---|---|---|---|
| 008 | 170705s9999 xx 000 0 und d | ||
| 020 | _a9780516277325 | ||
| 245 | _aNatural disasters : | ||
| 245 | _bforest fires / | ||
| 245 | _cLuke Thompson. | ||
| 260 | _aNew York : | ||
| 260 | _bScholastic, | ||
| 260 | _c2003 | ||
| 300 | _a48 pages : | ||
| 300 | _bcolor illustration ; | ||
| 300 | _c22cm. | ||
| 440 | _aHigh interest books. | ||
| 500 | _a480 | ||
| 999 |
_c336805 _d336805 |
||